Born Again - LISA Feat. Doja Cat & RAYE - All Lyrics - Statistics

General Stats
  • This quiz has been taken 58 times
  • The average score is 449 of 597
Answer Stats
Answer % Correct
a
100%
A
100%
(Ah,
100%
I
100%
(I
100%
(Oh)
100%
oh,
100%
so)
100%
ya
100%
(Yeah)
100%
you
100%
you)
100%
you,
100%
You
100%
again,
96%
again
96%
be
96%
born
96%
born,
96%
just
96%
to
94%
To
94%
(To
94%
would
94%
If
91%
little
91%
Little
91%
night
91%
(Night)
91%
night)
91%
ever
89%
the
89%
baby,
87%
Baby,
87%
Every
87%
(Every
87%
it
87%
mad
87%
made
87%
more
85%
single
85%
believer
83%
could
83%
do
83%
Do
83%
go
83%
it's
83%
so
83%
I'm
81%
I’ma
81%
I'ma
81%
on
81%
tried
81%
your
81%
(Your
81%
like
79%
(Like)
79%
times
79%
would've
79%
Would’ve
79%
Would've
79%
he
77%
In
74%
in
74%
make
74%
me
74%
me,
74%
showed
74%
what
74%
light
70%
light)
70%
man,
70%
my
70%
of
70%
pray
70%
pray)
70%
all
68%
bit
68%
done
68%
Jesus
68%
And
66%
and
66%
not
66%
that?"
66%
that
66%
too
66%
Too
66%
but
64%
But
64%
get
64%
up
64%
as
62%
can't
62%
her
62%
"Look
62%
when
62%
at
60%
back
60%
boy,
60%
Boy,
60%
car,
60%
few
60%
"How
60%
how
60%
stayed
60%
Stayed
60%
Got
57%
had
57%
leave
57%
let
57%
nights
57%
tell
57%
vroom-vroom
57%
with
57%
bad
55%
could've
55%
fool
55%
for
55%
from
55%
miss
55%
mm
55%
please
55%
down,
53%
Down,
53%
ex
53%
gospel
53%
Ice-cold
53%
mother
53%
now?
53%
now?)
53%
now
53%
pass
53%
that's
53%
heartbreak
51%
Keepin'
51%
One
51%
one
51%
soul
51%
strong
51%
another
49%
ass
49%
'cause
49%
foot
49%
Non-believer,
49%
rude
49%
talkin'
49%
words
49%
about
47%
after
47%
ask
47%
broke
47%
carry
47%
him
47%
live
47%
mom,
47%
Nice
47%
receipts,
47%
receipts
47%
hold"
45%
passenger
45%
seat
45%
take
45%
you’ve
45%
bitten
43%
Choosin'
43%
dash
43%
Don't
43%
fruit
43%
’lone,
43%
lookin'
43%
out
43%
seem
43%
shades
43%
sugar
43%
cinnamon
40%
job
40%
long
40%
many
40%
save
40%
then
40%
vitamin
40%
They
38%
way
38%
forever
36%
happily
36%
hard
36%
learned
36%
ain't
34%
black
34%
fiasco
34%
gettin'
34%
gonna
34%
lies
34%
Said,
34%
shit
34%
spree
34%
synonym
34%
even
32%
feelin'
32%
give
32%
minimum
32%
shoppin'
32%
wake
32%
diligent,
30%
find
30%
hope
30%
religion
30%
rid
30%
somethin'
30%
top
30%
tryna
30%
wrong,
30%
wrong
30%
businesswoman
28%
comedy
28%
deficient
28%
popped
28%
Seasoned
28%
lil'
26%
need
26%
or
26%
tags
26%
crashed
23%
game
23%
heard
23%
laugh,
23%
lettin'
23%
only
23%
smart
23%
played
21%
Wish
19%
No matching quizzes found
Score Distribution
Percent of People with Each Score
Percentile by Number Answered
Your Score History
You have not taken this quiz